=LDR 00000nam 2200000 4500 =001 INLIS000000000029085 =005 20200416094224 =035 ##$$a 0010-061300000029085 =008 200416################g##########0#ind## =041 ##$$a Ind =082 ##$$a 2X2.1 =090 ##$$a 2X2.1, Ast h =100 ##$$a Assa'idi, Sa'dullah =245 1#$$a Hadis-hadis sekte /$c Drs. Sa'dullah Assa' idi, MA. =260 ##$$a Yogyakarta :$b Pustaka Pelajar,$c 1996 =300 ##$$a xvi, 120 hlm, ; $c 20 x 13 cm. =650 #4$$a Hadis-hadis sekte =850 ##$$a NBPNMAT =020 ##$$a 979-8581-30-x =084 ##$$a 2X2.1 ASS h =990 ##$$a 111.158/Pro-97 =990 ##$$a 00054344